000 00630nam a2200301Ia 4500
005 20260401122146.0
008 008 250103s9999 xx 000 0 eng d
020 _a571218873
037 _aTB
040 _aEDL
040 _beng
040 _cEDL
041 _2eng
041 _aeng
084 _a863 LLO
084 _qEDL
100 _aLlosa, Mario
_91232748
245 0 _aFeast of the Goat
245 0 _cLlosa, Mario
260 _aLondon
260 _bFaber and Faber
260 _c2002
300 _a475p
942 _cTB
942 _h863 LLO
999 _c1845333
_d1845333